<?xml version="1.0" encoding="UTF-8"?>
<collection xmlns:xsi="http://www.w3.org/2001/XMLSchema-instance" xsi:schemaLocation="http://www.loc.gov/MARC21/slim http://www.loc.gov/standards/marcxml/schema/MARC21slim.xsd" xmlns="http://www.loc.gov/MARC21/slim">
 <record>
  <leader>00000nam a22000008i 4500</leader>
  <controlfield tag="001">UP-1685675941131528769</controlfield>
  <controlfield tag="003">Buklod</controlfield>
  <controlfield tag="005">20231110151104.0</controlfield>
  <controlfield tag="006">g||| |     fs   v|</controlfield>
  <controlfield tag="007">ta</controlfield>
  <controlfield tag="008">231103s2020    nyu         b 001 0 eng  </controlfield>
  <datafield tag="020" ind1=" " ind2=" ">
   <subfield code="a">9780367276492 (pbk. : alk. paper)</subfield>
  </datafield>
  <datafield tag="035" ind1=" " ind2=" ">
   <subfield code="a">20928762</subfield>
  </datafield>
  <datafield tag="040" ind1=" " ind2=" ">
   <subfield code="e">rda</subfield>
   <subfield code="a">DSWCD</subfield>
  </datafield>
  <datafield tag="041" ind1="0" ind2=" ">
   <subfield code="a">eng</subfield>
  </datafield>
  <datafield tag="090" ind1=" " ind2=" ">
   <subfield code="a">HV 11</subfield>
   <subfield code="b">F464 2020</subfield>
  </datafield>
  <datafield tag="245" ind1="0" ind2="0">
   <subfield code="a">Fieldwork training in social work</subfield>
   <subfield code="c">edited by Bishnu Mohan Dash and Sanjoy Roy.</subfield>
  </datafield>
  <datafield tag="250" ind1=" " ind2=" ">
   <subfield code="a">First Edition.</subfield>
  </datafield>
  <datafield tag="264" ind1=" " ind2="1">
   <subfield code="a">New York</subfield>
   <subfield code="b">Routledge</subfield>
   <subfield code="c">[2020]</subfield>
  </datafield>
  <datafield tag="300" ind1=" " ind2=" ">
   <subfield code="a">vii, 256 pages</subfield>
   <subfield code="c">22 cm.</subfield>
  </datafield>
  <datafield tag="336" ind1=" " ind2=" ">
   <subfield code="a">text</subfield>
   <subfield code="b">txt</subfield>
   <subfield code="2">rdacontent</subfield>
  </datafield>
  <datafield tag="337" ind1=" " ind2=" ">
   <subfield code="a">unmediated</subfield>
   <subfield code="2">rdamedia</subfield>
  </datafield>
  <datafield tag="338" ind1=" " ind2=" ">
   <subfield code="a">volume</subfield>
   <subfield code="b">nc</subfield>
   <subfield code="2">rdacarrier</subfield>
  </datafield>
  <datafield tag="504" ind1=" " ind2=" ">
   <subfield code="a">Includes bibliographical references and index.</subfield>
  </datafield>
  <datafield tag="505" ind1="0" ind2=" ">
   <subfield code="a">Procedural aspects of field work / POONAM GULALIA -- Orientation programme to fieldwork : relevance and modalities / ARCHANA KAUSHIK -- Field work report- a pragmatic exercise / SHEEBA JOSEPH -- Transformative learning in social work education in India : role of social work camps / RAMESH B, 5 Essential Guidelines for Successful Field Work Supervision -- Akileswaris -- Essential guidelines and techniques for assessment and evaluation in field work / NITA KUMARI -- Contemporary field level needs and essential strategies in social work practicum / ASOK KUMAR SARKAR and INDRANIL SARKAR -- Strengthening &quot;field&quot; in field education : structural and functional issues in South Asian social work / BALA RAJU NIKKU, BISHNU MOHAN DASH, ZIA ULLAH AKHUNZADA -- Eight decades of field work training in India : identifying the gaps and missing links / SANJOY ROY and BISHNU MOHAN DASH -- Learning social work practice skills : reflections from communities, NGOs and universities / SWAPAN GARAIN -- Non-institutional and community based field placement in social work : experiments with inquiry based learning and participatory action research / BIPIN JOJO and RONALD YESUDHAS -- Developing social work practice theories : some alternatives ideas and approaches / INDRAJIT GOSWAMI -- Essential skills for field work practice in social work / SAYANTANI GUIN -- Using grounded theory approach in field work education in India / BINOD KUMAR -- Essence of communication skills in fieldwork / SAUMYA -- Index.</subfield>
  </datafield>
  <datafield tag="650" ind1=" " ind2="0">
   <subfield code="a">Social work education.</subfield>
  </datafield>
  <datafield tag="650" ind1=" " ind2="0">
   <subfield code="a">Social service</subfield>
   <subfield code="x">Fieldwork</subfield>
   <subfield code="x">Study and teaching.</subfield>
  </datafield>
  <datafield tag="700" ind1="1" ind2=" ">
   <subfield code="a">Dash, Bishnu Mohan</subfield>
   <subfield code="e">editor.</subfield>
  </datafield>
  <datafield tag="700" ind1="1" ind2=" ">
   <subfield code="a">Roy, Sanjoy</subfield>
   <subfield code="c">(Reader in social work)</subfield>
   <subfield code="e">editor.</subfield>
  </datafield>
  <datafield tag="905" ind1=" " ind2=" ">
   <subfield code="a">FO</subfield>
  </datafield>
  <datafield tag="852" ind1="0" ind2=" ">
   <subfield code="a">UPD</subfield>
   <subfield code="b">DSWCD</subfield>
   <subfield code="h">HV 11</subfield>
   <subfield code="i">F464 2020</subfield>
  </datafield>
  <datafield tag="942" ind1=" " ind2=" ">
   <subfield code="a">Book</subfield>
  </datafield>
 </record>
</collection>
